| 000 | 00699nam a2200205 a 4500 | ||
|---|---|---|---|
| 005 | 20230315063928.0 | ||
| 008 | 140217s2010 ag r 000 0 spa d | ||
| 020 | _a9789870602736 | ||
| 035 | _aUPN01000195860 | ||
| 049 | _aCG | ||
| 050 | 4 |
_aLC1043 _bG6.2 |
|
| 100 | 1 |
_aGorostiaga de Fernández Aráoz, María _934912 |
|
| 245 | 1 | 0 |
_aCómo colaborar con la orientación vocacional de los jóvenes : _bherramientas para orientadores, profesores y padres / _cMaría Gorostiaga. |
| 260 |
_aBuenos Aires : _bAique, _c2010. |
||
| 300 |
_a231 p. : _bcuadros |
||
| 440 | 0 |
_aNueva carrera docente. _pEl abecé de secundaria |
|
| 650 | 4 |
_aOrientación vocacional _95 |
|
| 905 | _aLibro | ||
| 999 |
_c167961 _d167961 |
||